Statistiche per Quiz Cultura Generale - Quiz n°28

Clicka qui per fare il quiz!

Statistiche generali

  • Questo quiz è stato fatto 66 volte
  • Il punteggio medio è 9 su 15

Statistiche sulle risposte

DomandaRisposta% Corretto
Com'è anche detto il giallo dell'uovo?Tuorlo
98%
Chi canta il brano "Umbrella"?Rihanna
84%
Quale frutto ha le seguenti varietà: Renetta, Gala e Fuji?Mela
82%
A quale numero decimale corrisponde la frazione 10/4?2,5
75%
Quale camera, insieme al Senato, forma il Parlamento italiano?Camera dei Deputati
69%
Com'è detto un hamburger con carne e formaggio?Cheeseburger
69%
Quale premio viene assegnato al miglior film della Mostra internazionale d'arte cinematografica di Venezia?Leone d'oro
61%
Oltre al capoluogo regionale, qual è l'altra provincia dell'Umbria?Provincia di Terni
61%
Dalla rotazione di quale figura si ottiene un cilindro?Rettangolo
61%
Qual è il participio passato del verbo "sottendere"?Sotteso
59%
Quale scrittore latino ha composto le Bucoliche?Virgilio
37%
Qual è la cima più alta delle Dolomiti?Marmolada
29%
Quale Papa è stato eletto nel 1958?Papa Giovanni XXIII
27%
Quale trattato vide la Repubblica di Venezia passare sotto il dominio austriaco nel 1797?Trattato di Campoformio
25%
Quali rette di un poligono si incontrano in un incentro?Bisettrici
16%

Distribuzione punteggi

Percentile per numero di risposta

Percentuale di utenti per punteggio

I tuoi punteggi nel tempo

Non hai fatto questo quiz